书目信息 |
| 题名: |
国有企业政治优势
|
|
| 作者: | 李玉良 著 | |
| 分册: | ||
| 出版信息: | 北京 国家行政学院出版社 2017 |
|
| 页数: | 364页 | |
| 开本: | 24cm | |
| 丛书名: | ||
| 单 册: | ||
| 中图分类: | D267.1 | |
| 科图分类: | ||
| 主题词: | ||
| 电子资源: | ||
| ISBN: | 978-7-5150-1956-7 | |
| 000 | 00993nam0 2200241 450 | |
| 001 | 012001000946 | |
| 005 | 20140920091302.0 | |
| 010 | @a978-7-5150-1956-7@dCNY58.00 | |
| 100 | @a20170905d2017 em y0chiy50 ea | |
| 101 | 0 | @achi |
| 102 | @aCN@b110000 | |
| 105 | @aa z 000yy | |
| 106 | @ar | |
| 200 | 1 | @a国有企业政治优势@9Guo You Qi Ye Zheng Zhi You Shi@e一位国企高管30年的探索与思考@f李玉良著 |
| 210 | @a北京@c国家行政学院出版社@d2017 | |
| 215 | @a364页@c图,照片@d24cm | |
| 330 | @a本书展示了从20世纪80年代中期以来企业改革中党的建设经历的风雨,其中既有成功的经验也有值得汲取的教训,为观察和认识改革开放以来党的建设提供了个性化的案例,为研究和把握企业党的建设的规律提供了实践的视野和理论的维度。 | |
| 517 | 1 | @a一位国企高管30年的探索与思考@9Yi Wei Guo Qi Gao Guan 30 Nian De Tan Suo Yu Si Kao |
| 601 | 02 | @a中国共产党@x国有企业@x党的建设 |
| 690 | @aD267.1@v5 | |
| 701 | 0 | @a李玉良@9Li Yu Liang@c(国企)@4著 |
| 801 | 0 | @aCN@b上海新华@c20180901 |
| 905 | @b1155611-15@dD267.1@e272@f5 | |
| 国有企业政治优势:一位国企高管30年的探索与思考/李玉良著.-北京:国家行政学院出版社,2017 |
| 364页:图,照片;24cm |
| ISBN 978-7-5150-1956-7:CNY58.00 |
| 本书展示了从20世纪80年代中期以来企业改革中党的建设经历的风雨,其中既有成功的经验也有值得汲取的教训,为观察和认识改革开放以来党的建设提供了个性化的案例,为研究和把握企业党的建设的规律提供了实践的视野和理论的维度。 |
| ● |
| 相关链接 |
|
|
|
|
正题名:国有企业政治优势
索取号:D267.1/272
 
预约/预借
| 序号 | 登录号 | 条形码 | 馆藏地/架位号 | 状态 | 备注 |
| 1 | 1155611 | 211556118 | 第一样本阅览室/ [索取号:D267.1/272] | 在馆 | |
| 2 | 1155612 | 211556127 | 史法系资料室/ [索取号:D267.1/272] | 在馆 | |
| 3 | 1155613 | 211556136 | 第一借阅区/ [索取号:D267.1/272] | 在馆 | |
| 4 | 1155614 | 211556145 | 第一借阅区/ [索取号:D267.1/272] | 在馆 | |
| 5 | 1155615 | 211556154 | 第一借阅区/ [索取号:D267.1/272] | 在馆 |